| 000 | 00820nam a2200253 i 4500 | ||
|---|---|---|---|
| 001 | bg | ||
| 100 | 1 |
_aPIOTROWSKI, Feliks _d(1921- ) |
|
| 245 | 1 | 0 |
_aStawonogi : _bsprzymierzeńcy i wrogowie człowieka i zwierząt / _cFeliks Piotrowski. |
| 260 |
_aWarszawa : _bWydaw. Naukowe PWN, _c1999. |
||
| 300 |
_a121, [2] s., [12] s. tabl. kolor. : _bfot., rys. ; _c21 cm. |
||
| 504 | _aBibliogr. przy rozdz. | ||
| 650 | 9 |
_aChoroby _xzagadnienia |
|
| 650 | 9 | _aStawonogi a choroby | |
| 650 | 9 |
_aStawonogi _xużytkowanie |
|
| 655 | _aPodręczniki akademickie | ||
| 020 | _a8301128119 | ||
| 040 | _cBPK | ||
| 041 | 0 | _apl | |
| 080 | _a595:576.89:616](075.8) | ||
| 920 | _a83-01-12811-9 | ||
| 942 | _cKS | ||
| 008 | s pl f |000 0 pol | ||
| 999 |
_c39095 _d39095 |
||
| 856 |
_uhttp://koha.tu.koszalin.pl/cgi-bin/koha/opac-detail.pl?biblionumber=39095 _yKatalog online BPK |
||